| 000 | 00785nam a2200217 a 4500 | ||
|---|---|---|---|
| 001 | 000024501 | ||
| 005 | 20200930023216.0 | ||
| 008 | 110128s1992 mx a r 001 0 spa d | ||
| 020 | _a9681843681 | ||
| 040 |
_aDO-SdBNP _bspa _cBNPHU |
||
| 082 |
_axxxx _bM195l |
||
| 100 | 1 |
_aMagleby, David B. _950210 |
|
| 245 | 1 | 0 |
_aLegislación directiva : _bgrupos de presión y efectividad / _cDavid B. Magleby ; traducción Juan Naves Ruiz. |
| 260 |
_aMéxico, D. F. : _bLimusa, _c1992. |
||
| 300 |
_a307 p. : _bil. ; _c23 cm. |
||
| 500 | _aIncluye índice alfabético. | ||
| 500 | _aIncluye bibliografía p. [275-297]. | ||
| 534 |
_pTítulo original. _tDirect Legislation _cThe johns Hopkins University Press, MCMLXXXIV. _z0801828449 |
||
| 700 | 1 |
_aNaves Ruiz, Juan, _etr. _946839 |
|
| 049 | _aBNGR | ||
| 999 |
_c23994 _d23994 |
||